Word Ladder: 1933 Film Quiz Stats

 Plays Quiz Updated Jul 8, 2014

Support Sporcle.
Go Orange.
Score 0/28 Timer 03:00
2 Plays Today
Clue 4-Letter Word % Correct
Children's song 'Head, Shoulders, Knees, & ____'TOES
95.7%
The center of the EarthCORE
95.5%
1961 & 1998 Disney film, 'The Parent ____'TRAP
95.3%
Magician's rodWAND
95.2%
To cover a present with paperWRAP
94.3%
Small golf pegsTEES
93.5%
RippedTORE
91.6%
These can be green or icedTEAS
91.1%
Jack or AceCARD
90.8%
Hanks & PettyTOMS
87.3%
A division of a townWARD
87.3%
A large bookTOME
84.9%
Arizona Coyotes or Arsenal F.C.TEAM
84.3%
TrolleyTRAM
84.2%
Clue 4-Letter Word % Correct
'Friday I'm In Love' band 'The ____' CURE
81.7%
Hair ringletCURL
80.2%
Last word in the title of the 1939 Best Picture winnerWIND
77.9%
Nick Lowe's, 'Cruel To Be ____'KIND
75.3%
●First name of character with last line in film●●CARL●
71.7%
●Last name of actress playing the female lead in film●●WRAY●
57.1%
★[With last rung] 1933 film★★KING★
56.5%
Monetary unit of Vietnam, or a clock noiseDONG
51.6%
★[With first rung] 1933 film★★KONG★
51%
'Over My Head (Cable Car),' band, 'The ____'FRAY
50.1%
Precedes net & queenDRAG
47.1%
Type of grenadeFRAG
44.8%
Huey Lewis and the News' 'I Want A New ____'DRUG
44.8%
1991-1994 Nickelodeon showDOUG
40.1%

Today's Daily Dose

Missing Word
Rachel McAdams

Word Ladder
Free Phrases

Get the Picture
Monkeying Around

From the Vault

Country/Food Match-Up

by william2

One of the best things about traveling is trying out the local cuisine.
Remove Ads.
Support Sporcle.
Get the best of Sporcle when you Go Orange. This ad-free experience offers more features, more stats, and more fun while also helping to support Sporcle. Thank you for becoming a member.

Show Comments

Extras

Top Quizzes Today


Score Distribution

Your Account Isn't Verified!

In order to create a playlist on Sporcle, you need to verify the email address you used during registration. Go to your Sporcle Settings to finish the process.

Report this User

Report this user for behavior that violates our Community Guidelines.

Details: